[Event "EU-ch U10"]
[Site "Prague"]
[Date "2024.08.26"]
[Round "5"]
[White "Mikkelsen, Anders Askjaer"]
[Black "Shabunin, Oleksandr"]
[Result "0-1"]
[WhiteElo "1842"]
[BlackElo "1656"]
[PlyCount "123"]
[EventDate "2024.08.22"]
[EventType "swiss"]
[EventRounds "9"]
[EventCountry "CZE"]
[SourceTitle "CBM 221 Extra"]
[Source "ChessBase"]
[SourceDate "2024.09.30"]
[SourceVersion "1"]
[SourceVersionDate "2024.09.30"]
[SourceQuality "1"]

1. e4 c5 2. Nf3 Nc6 3. d4 cxd4 4. Nxd4 g6 5. Be3 Bg7 6. Nc3 Nf6 7. Bc4 0-0 8. Bb3 Re8 9. f3 e6 10. f4 d6 11. Ndb5 Bf8 12. 0-0 a6 13. Nd4 d5 14. e5 Nd7 15. g4 Bg7 16. Nxc6 bxc6 17. Qf3 Rb8 18. Rad1 Qc7 19. h4 Bb7 20. Ne2 c5 21. Qg3 d4 22. Bf2 Nb6 23. a3 a5 24. c3 Ba6 25. Rfe1 d3 26. Nc1 c4 27. Ba2 Na4 28. Bd4 Rxb2 29. Qe3 Qc6 30. Rd2 Rxd2 31. Qxd2 Rb8 32. Nxd3 cxd3 33. Rb1 Rxb1+ 34. Bxb1 Qf3 35. g5 Qg4+ 36. Kf1 Qxh4 37. Bxd3 Qh3+ 38. Ke2 Qg4+ 39. Kf2 Bxd3 40. Qxd3 Qxf4+ 41. Ke2 Bxe5 42. Be3 Qg4+ 43. Kf2 Qf5+ 44. Qxf5 gxf5 45. c4 Bd6 46. Ke2 Bxa3 47. Kd2 e5 48. Kc2 Bb4 49. Kd3 Nc5+ 50. Ke2 f4 51. Bg1 e4 52. Bh2 Ne6 53. Kf2 Bc5+ 54. Kf1 f3 55. Bg3 e3 56. Bh2 e2+ 57. Ke1 Bb4+ 58. Kf2 e1Q+ 59. Kxf3 Nd4+ 60. Kg4 Qe4+ 61. Bf4 Qf3+ 62. Kh4 0-1